Population, health and development in Ghana : (Record no. 528)
[ view plain ]
| 000 -LEADER | |
|---|---|
| fixed length control field | 01479cam a2200289 a 4500 |
| 001 - CONTROL NUMBER | |
| control field | 15162513 |
| 005 - DATE AND TIME OF LATEST TRANSACTION | |
| control field | 20210414113913.0 |
| 008 - FIXED-LENGTH DATA ELEMENTS--GENERAL INFORMATION | |
| fixed length control field | 080131s2007 gh a b 000 0 eng |
| 010 ## - LIBRARY OF CONGRESS CONTROL NUMBER | |
| LC control number | 2008349025 |
| 020 ## - INTERNATIONAL STANDARD BOOK NUMBER | |
| International Standard Book Number | 9789988647612 |
| 040 ## - CATALOGING SOURCE | |
| Original cataloging agency | DLC |
| Transcribing agency | DLC |
| 042 ## - AUTHENTICATION CODE | |
| Authentication code | lcode |
| 043 ## - GEOGRAPHIC AREA CODE | |
| Geographic area code | f-gh--- |
| 050 00 - LIBRARY OF CONGRESS CALL NUMBER | |
| Classification number | HB3666.8.A3P673 |
| 245 00 - TITLE STATEMENT | |
| Title | Population, health and development in Ghana : |
| Remainder of title | attaining the millenium [sic] development goals / |
| Statement of responsibility, etc. | edited by Chuks J. Mba and Stephen O. Kwankye. |
| 260 ## - PUBLICATION, DISTRIBUTION, ETC. | |
| Place of publication, distribution, etc. | Accra : |
| Name of publisher, distributor, etc. | Sub-Saharan Publishers, |
| Date of publication, distribution, etc. | 2007. |
| 300 ## - PHYSICAL DESCRIPTION | |
| Extent | xvi, 188 p. |
| Other physical details | ill. |
| Dimensions | 24 cm. |
| 504 ## - BIBLIOGRAPHY, ETC. NOTE | |
| Bibliography, etc. note | Includes bibliographical references. |
| 505 ## - FORMATTED CONTENTS NOTE | |
| Formatted contents note | Contents: Introduction -- Fertility decline in Ghana: Implications for public policy -- Infant and child health: Evidence from 2003 Ghana demographic and health survey -- Adolescent sexuality and reproductive health in Ghana: Some results from a survey of Cape Coast and Mankrong -- Population growth, water/sanitation and health -- HIV/AIDS and survival challenges in sub-saharan African: An illustration with Ghana and South Africa -- Women's employment and health in Ghana -- Population and health in Ghana -- Conclusion. |
| 651 #0 - SUBJECT ADDED ENTRY--GEOGRAPHIC NAME | |
| Geographic name | Ghana |
| General subdivision | Population. |
| 651 #0 - SUBJECT ADDED ENTRY--GEOGRAPHIC NAME | |
| Geographic name | Ghana |
| General subdivision | Economic conditions |
| Chronological subdivision | 1979- |
| 700 1# - ADDED ENTRY--PERSONAL NAME | |
| Personal name | Mba, Chuks J. |
| 700 1# - ADDED ENTRY--PERSONAL NAME | |
| Personal name | Kwankye, Stephen O. |
| 906 ## - LOCAL DATA ELEMENT F, LDF (RLIN) | |
| a | 7 |
| b | cbc |
| c | origode |
| d | 3 |
| e | ncip |
| f | 20 |
| g | y-gencatlg |
| 942 ## - ADDED ENTRY ELEMENTS (KOHA) | |
| Source of classification or shelving scheme | Library of Congress Classification |
| Koha item type | Books |
| Withdrawn status | Lost status | Source of classification or shelving scheme | Damaged status | Not for loan | Home library | Current library | Shelving location | Date acquired | Total Checkouts | Full call number | Barcode | Date last seen | Copy number | Price effective from | Koha item type |
|---|---|---|---|---|---|---|---|---|---|---|---|---|---|---|---|
| Library of Congress Classification | WISCONSIN INTERNATIONAL UNIVERSITY COLLEGE, GHANA - MAIN LIBRARY | WISCONSIN INTERNATIONAL UNIVERSITY COLLEGE, GHANA - MAIN LIBRARY | General Stacks | 30/01/2012 | HB3666.8.A3P673 | 1370/12 | 30/01/2012 | 1 | 30/01/2012 | Books | |||||
| Library of Congress Classification | WISCONSIN INTERNATIONAL UNIVERSITY COLLEGE, GHANA - MAIN LIBRARY | WISCONSIN INTERNATIONAL UNIVERSITY COLLEGE, GHANA - MAIN LIBRARY | General Stacks | 30/01/2012 | HB3666.8.A3P6731 | 1371/12 | 30/01/2012 | 2 | 30/01/2012 | Books | |||||
| Library of Congress Classification | WISCONSIN INTERNATIONAL UNIVERSITY COLLEGE, GHANA - MAIN LIBRARY | WISCONSIN INTERNATIONAL UNIVERSITY COLLEGE, GHANA - MAIN LIBRARY | General Stacks | 30/01/2012 | HB3666.8.A3P6732 | 1372/12 | 30/01/2012 | 3 | 30/01/2012 | Books | |||||
| Library of Congress Classification | WISCONSIN INTERNATIONAL UNIVERSITY COLLEGE, GHANA - MAIN LIBRARY | WISCONSIN INTERNATIONAL UNIVERSITY COLLEGE, GHANA - MAIN LIBRARY | General Stacks | 30/01/2012 | HB3666.8.A3P6733 | 1373/12 | 30/01/2012 | 4 | 30/01/2012 | Books | |||||
| Library of Congress Classification | WISCONSIN INTERNATIONAL UNIVERSITY COLLEGE, GHANA - MAIN LIBRARY | WISCONSIN INTERNATIONAL UNIVERSITY COLLEGE, GHANA - MAIN LIBRARY | General Stacks | 30/01/2012 | HB3666.8.A3P6734 | 1374/12 | 30/01/2012 | 5 | 30/01/2012 | Books |
